Загрузка...
Domestic violence against women in Indian society : problem and prospects /
Contributed articles.
| Другие авторы: | |
|---|---|
| Формат: | Printed Book |
| Язык: | English |
| Опубликовано: |
New Delhi :
Serials Publications,
2011.
|
| Предметы: |
| LEADER | 01281cam a2200325 a 4500 | ||
|---|---|---|---|
| 008 | 101213s2011 ii a b 001 0 eng d | ||
| 010 | |a 2010347811 | ||
| 020 | |a 9788183874342 | ||
| 020 | |a 8183874347 | ||
| 025 | |a I-E-2010-347811; 88-90; 70-90 | ||
| 035 | |a (OCoLC)ocn694547148 | ||
| 035 | |a (OCoLC)694547148 | ||
| 042 | |a lccopycat |a lcode | ||
| 043 | |a a-ii--- | ||
| 082 | 0 | 4 | |a 362.82920820954 |2 22 |
| 245 | 0 | 0 | |a Domestic violence against women in Indian society : |b problem and prospects / |c [edited by] Y. Gurappa Naidu. |
| 260 | |a New Delhi : |b Serials Publications, |c 2011. | ||
| 300 | |a x, 208 p. : |b ill. ; |c 25 cm. | ||
| 504 | |a Includes bibliographical references and index. | ||
| 520 | |a Contributed articles. | ||
| 650 | 0 | |a Family violence |z India. | |
| 650 | 0 | |a Women |x Violence against |z India. | |
| 650 | 0 | |a Family violence |x Law and legislation |z India. | |
| 650 | 0 | |a Women |x Legal status, laws, etc. |z India. | |
| 700 | 1 | |a Gurappa Naidu, Y. | |
| 906 | |a 7 |b cbc |c copycat |d 3 |e ncip |f 20 |g y-gencatlg | ||
| 942 | |c BK | ||
| 955 | |b wd31 2011-01-13 |i wd34 2011-04-14 to ASME | ||
| 999 | |c 358088 |d 358088 | ||
| 952 | |0 0 |1 0 |2 ddc |4 0 |6 362_829208209540000_DOM |7 0 |9 415627 |a WMS |b WMS |c ST1 |d 2021-04-19 |i 688 |l 1 |o 362.82920820954 DOM |p WMS688 |r 2021-11-17 |s 2021-04-19 |v 795.00 |w 2021-04-19 |y BK | ||